Visualizzazione normale
Vista MARC
- Moser Roland
di Personal Name
Records bibliografici associati: 1
001 - CONTROL NUMBER
- control field: 15794
003 - CONTROL NUMBER IDENTIFIER
- control field: IT-RoPau
005 - DATE AND TIME OF LATEST TRANSACTION
- control field: 20140311224404.0
008 - FIXED-LENGTH DATA ELEMENTS
- fixed length control field: 140311|| aca||aabn | a|a d
040 ## - CATALOGING SOURCE
- Original cataloging agency: IT-RoPau
- Transcribing agency: IT-RoPau
100 ## - HEADING--PERSONAL NAME
- Personal name: Moser Roland
- Dates associated with a name: Codice autore musica SPICS: 9912
- Relator term: Autore musica
- Name of part/section of a work: Wal per cinque sassofoni e orchestra
670 ## - SOURCE DATA FOUND
- Source citation: Work cat.: (IT-RoPau)100896: Restagno Enzo 14371, Biennale musica 1985: Europa 50/80 generazioni a confronto-7